Statistics for Romance Anime Quiz

Click here to take the quiz!

General Stats

  • This quiz has been taken 276 times
  • The average score is 9 of 15

Answer Stats

HintAnswer% Correct
A child piano prodigy who lost his ability to play after his mother died is forced back into the spotlight by a girl named Kaori.Your Lie In April
90%
A high school student encounters a wild bunny girl who is seemingly invisible to others due to Puberty Syndrome.Rascal Does Not Dream of Bunny Girl Senpai
85%
A member of the student council works part-time at a maid cafe.Maid Sama!
83%
After being dumped by his girlfriend, Kazuya uses a dating service where he rents a girlfriend who turns out to be his schoolmate and neighbour.Rent-a-Girlfriend
83%
High school students Ryuuji and Taiga try to set each other up with their best friends but end up developing feelings for one another during the process.Toradora!
80%
Two members of the student council refuse to admit their feelings for each other and try to win a love confession.Kaguya-sama: Love is War
78%
An orphaned girl moves in with members of the Chinese zodiac.Fruits Basket
76%
A tomboy joins the school host club.Ouran High School Host Club
61%
A conventionally unattractive giant saves a girl and instantly falls in love with her.My Love Story!!
50%
Two very different girls with the same name become roommates in Tokyo.Nana
49%
A homeless girl becomes the land god of a shrine and lives with her familiar named Tomoe.Kamisama Kiss
48%
An antisocial high school student is forced to join his schools Service Club where he befriends two girls names Yukino and Yui.My Teen Romantic Comedy SNAFU
39%
A fifteen year-old girl is dragged down into a cursed well and ends up 500 years in the past where she meets a white haired dog-demon.InuYasha
37%
A closeted otaku girl switches jobs and ends up working with her middle school classmate who knows about her secret.Wotakoi: Love is Hard for An Otaku
36%
A girl is reunited with her middle school crush after he transfers to her high school.Blue Spring Ride
32%

Score Distribution

Percentile by Number Answered

Percent of People with Each Score

Your Score History

You have not taken this quiz